1027 1790 1751 1356 1317 1102 1145 1547 1380 1010 1499 1594 1571 1608 1477 1343 1724 1060 1701 1908 1502 1758 1105 1656 1153 1946 1675 1508 1472 1150 1862 1455 1627 1060 1932 1345 1978 1079 1408 1568 1401 1213 1053 1322 1837 1475 1967 1284 1445 1921 1312 1810 1367 1373 1625 1336 1454 1102 1270 1032 1898 1807 1437 1458 1436 1258 1643 1038 1959 1787 1352 1610 1673 1313 1138 1050 1854 1901 1948 1173 1738 1132 1500 1391 1581 1042 1300 1739 1365 1916 1398 1540 1823 1543 1800 1154 1147 1918 1457 BCNSPRNW ULIB Ver.6.0+V

เปลี่ยนเป็นภาษาไทย

Change to English
 แสดงรายละเอียดบรรณานุกรม
  กลับหน้าหลัก

Brief Record : Get Marc (ISO 2709) : E-mail record : QR code < ปิดหน้าต่าง
LEADER : 00000nam 2200000uu 4500
001    13399114689
003     ULIB
008    020711s2553 th a 000 0 tha d
099    ^aวจ.WY18.5^bด164ผ
100    ^aดวงใจ พรหมพยัคฆ์ และคณะ
245    ^aผลการเรียนแบบเป็นทีมต่อผลสัมฤทธิ์ทางการเรียนและความพึงพอใจของนักศึกษาพยาบาล /^cดวงใจ พรหมพยัคฆ์ และคณะ
260    ^aพิษณุโลก :^bวิทยาลัยพยาบาลบรมราชชนี พุทธชินราช,^c2553
300    ^a46 หน้า
650  7 การเรียนแบบเป็นทีม^xวิจัย
650  7 ผลสัมฤทธิ์ทางการเรียน^xวิจัย
700 0  จุฑามาศ จันทร์เสงี่ยม
700 0  อังคณา เรือนก้อน
700 0  ทิพย์สุดา เส็งพานิช
700 0  ทับทิม ปัตตะพงศ์
700 0  เบญญาภา พรมพุก
710 1  ^aวิทยาลัยพยาบาลบรมราชชนี พุทธชินราช
945    ^p0^l0^i031707
995    ทศพร
999 ^a ทศพร
รายการนี้ยังไม่มีแท็ก
คุณยังไม่ได้ล็อกอิน คุณสามารถมีกิจกรรมร่วมกับเว็บไซต์ได้ แต่ต้องล็อกอินก่อน ::
  ล็อกอิน

รายการสื่อสารสนเทศ

ลำดับที่ ประเภท เลขเรียก/บาร์โค้ด สถานที่ สถานะ
1. งานวิจัย
งานวิจัย
วจ.WY18.5 ด164ผ  
  Barcode: 031707
ห้องสมุดวิทยาเขตสวรรค์ประชารักษ์
►วิจัย
บนชั้น

BibComment


ยังไม่เคยถูกคอมเมนท์

คอมเมนท์ทรัพยากรรายการนี้
  คอมเมนท์: ผลการเรียนแบบเป็..


 Copyright 2026. Bcnsprnw @Library